| 000 -LEADER |
| fixed length control field |
00687nam a2200229Ia 4500 |
| 001 - CONTROL NUMBER |
| control field |
1897 |
| 003 - CONTROL NUMBER IDENTIFIER |
| control field |
GE_BSU |
| 005 - DATE AND TIME OF LATEST TRANSACTION |
| control field |
20221006115818.0 |
| 008 - FIXED-LENGTH DATA ELEMENTS--GENERAL INFORMATION |
| fixed length control field |
181216s2007ru xx |||||||||||||| ||rus|| |
| 020 ## - INTERNATIONAL STANDARD BOOK NUMBER |
| International Standard Book Number |
9785942015169 |
| 040 ## - CATALOGING SOURCE |
| Transcribing agency |
GE_BSU |
| 080 ## - UNIVERSAL DECIMAL CLASSIFICATION NUMBER |
| Universal Decimal Classification number |
347.9(075.8) |
| 100 ## - MAIN ENTRY--PERSONAL NAME |
| Personal name |
Мурадьян Э.М. |
| 9 (RLIN) |
15082 |
| 245 ## - TITLE STATEMENT |
| Title |
Судебное право / |
| Statement of responsibility, etc. |
Э.М. Мурадьян |
| 260 ## - PUBLICATION, DISTRIBUTION, ETC. |
| Place of publication, distribution, etc. |
СПБ |
| 260 ## - PUBLICATION, DISTRIBUTION, ETC. |
| Name of publisher, distributor, etc. |
Р. Асланова ,,Юридический центр. Пресс |
| 260 ## - PUBLICATION, DISTRIBUTION, ETC. |
| Date of publication, distribution, etc. |
2007 |
| 300 ## - PHYSICAL DESCRIPTION |
| Extent |
386 с. |
| Other physical details |
20 см. |
| 653 ## - INDEX TERM--UNCONTROLLED |
| keyword |
Судебное право |
| 653 ## - INDEX TERM--UNCONTROLLED |
| keyword |
სასამართლო სამართალი |
| 942 ## - ADDED ENTRY ELEMENTS (KOHA) |
| Koha item type |
წიგნი |
| Source of classification or shelving scheme |
|